00631nam a2200169Ia 450000500170000000800410001702000180005808200200007610000230009624500600011926000320017930000120021144000090022394200070023299900190023995202030025820250609092208.0240126s9999 xx 000 0 und d a9789387944312 a158.1 STE;1 R aSterner, Thomas M. 0aFully engaged : using the practicing mind in daily life bJaico PublishingaAhmedabad axi, 102 aNULL cPU c285948d285948 r2025-04-23 00:00:00l2m1o158.1 STE;1 RpPU9216h(08/07/1905)s2025-04-22v159.20w2024-01-26yPU1040708CL00K1177aMLbLRCcCLd2018-10-16eSreenivasan K Vg199.00EGENGRSF1V39.8URupees